शिव रचना त्रय 3 वायुपुत्रों की शपथ (Record no. 56630)
[ view plain ]
| 000 -LEADER | |
|---|---|
| fixed length control field | 00525nam a22001457a 4500 |
| 003 - CONTROL NUMBER IDENTIFIER | |
| control field | MACL |
| 005 - DATE AND TIME OF LATEST TRANSACTION | |
| control field | 20170623120627.0 |
| 008 - FIXED-LENGTH DATA ELEMENTS--GENERAL INFORMATION | |
| fixed length control field | 170623b xxu||||| |||| 00| 0 eng d |
| 040 ## - CATALOGING SOURCE | |
| Transcribing agency | MACL |
| 100 ## - MAIN ENTRY--PERSONAL NAME | |
| Personal name | त्रिपाठी, अमीश |
| 9 (RLIN) | 67747 |
| 245 ## - TITLE STATEMENT | |
| Title | शिव रचना त्रय 3 वायुपुत्रों की शपथ |
| 260 ## - PUBLICATION, DISTRIBUTION, ETC. (IMPRINT) | |
| Place of publication, distribution, etc. | नई दिल्ली |
| Name of publisher, distributor, etc. | वैस्टलैंड लिमिटेड |
| Date of publication, distribution, etc. | 2013 |
| 650 ## - SUBJECT ADDED ENTRY--TOPICAL TERM | |
| Topical term or geographic name as entry element | उपन्यास |
| 9 (RLIN) | 67748 |
| 942 ## - ADDED ENTRY ELEMENTS (KOHA) | |
| Source of classification or shelving scheme | |
| Koha item type | Hindi Books |
| Withdrawn status | Lost status | Source of classification or shelving scheme | Damaged status | Not for loan | Home library | Current library | Date acquired | Cost, normal purchase price | Total Checkouts | Full call number | Barcode | Date last seen | Date last checked out | Price effective from | Koha item type |
|---|---|---|---|---|---|---|---|---|---|---|---|---|---|---|---|
| MACL | MACL | 23/06/2017 | 250.00 | 6 | 823/AMI | DPI003294 | 13/10/2025 | 31/10/2023 | 23/06/2017 | Hindi Books | |||||
| MACL | MACL | 499.00 | 1 | 891.433/AMI/N | DPI001874 | 26/04/2024 | 06/04/2024 | 18/01/2024 | Hindi Books |









